• 首页
  • 本馆介绍
  • 公告通知
  • 最新文献
  • 馆藏检索
  • 电子资源
  • 读者导购
  • 参考咨询
  • 我的图书馆
  • 登录
  • 详细信息显示
  • 放入我的书架
  • 预约/预借图书
  • 作者相关作品
  • 分类相关作品
  • 丛书相关作品
  • 出版社相关作品

书目信息

  • 表格格式
  • 工作单格式
  • 卡片格式
题名:
大学化学实验
    
 
作者: 刁国旺 总主编 ;刘巍 本册主编
分册: 第一分册   基础知识与仪器
出版信息: 南京   南京大学出版社  2006
页数: 215页
开本: 26cm
丛书名:
单 册:
中图分类: O6-43
科图分类:
主题词: 化学实验--高等教育--教材 , 化学实验
电子资源:
ISBN: 7-305-04804-6
000 01000nam0 2200277 450
001 012007373663
005 20070708090434.07
010    @a7-305-04804-6@dCNY22.00
100    @a20070628d2006 km y0chiy0120 ea
101 0  @achi
102    @aCN@b320000
105    @aa z 000yy
106    @ar
200 1  @a大学化学实验@Ada xue hua xue shi yan@h第一分册@i基础知识与仪器@f刁国旺总主编@Fdiao guo wang zong zhu bian@g刘巍本册主编@Gliu wei ben ce zhu bian
210    @a南京@c南京大学出版社@d2006
215    @a215页@c图@d26cm
300    @a普通高等教育“十一五”国家级规划教材
330    @a本书主要内容包括:绪论、化学实验基础理论、基本操作技术、测量与控制技术、常见仪器的使用。本书基础知识与仪器部分与试验相结合。
517 1  @a基础知识与仪器@Aji chu zhi shi yu yi qi
606 0  @a化学实验@x高等教育@j教材
606 0  @a化学实验
690    @aO6-43@v4
701  0 @a刁国旺@Adiao guo wang@4总主编
702  0 @a刘巍@Aliu wei@4本册主编
801  0 @aCN@bRULIN@c20070708
905    @dO6-43@e387:1@s10
    
    大学化学实验.第一分册.基础知识与仪器/刁国旺总主编/刘巍本册主编.-南京:南京大学出版社,2006
    215页:图;26cm
    普通高等教育“十一五”国家级规划教材
    
    ISBN 7-305-04804-6:CNY22.00
    本书主要内容包括:绪论、化学实验基础理论、基本操作技术、测量与控制技术、常见仪器的使用。本书基础知识与仪器部分与试验相结合。
●
相关链接 在E读中查询图书 在五车中查询图书 在当当中查询图书 在豆瓣中查询图书


正题名:大学化学实验     索取号:O6-43/387:1         预约/预借

序号 登录号 条形码 馆藏地/架位号 状态 备注
1 0582998   205829987   第二样本阅览室/ [索取号:O6-43/387:1] 在馆    
2 0582999   205829996   第三借阅区/ [索取号:O6-43/387:1] 在馆    
3 0583000   205830001   第三借阅区/ [索取号:O6-43/387:1] 在馆    
4 0583001   205830010   第三借阅区/ [索取号:O6-43/387:1] 在馆    
5 0583002   205830029   第三借阅区/ [索取号:O6-43/387:1] 在馆    
6 0583003   205830038   第三借阅区/ [索取号:O6-43/387:1] 在馆    
7 0583004   205830047   第三借阅区/ [索取号:O6-43/387:1] 在馆    
8 0583005   205830056   第三借阅区/ [索取号:O6-43/387:1] 在馆    
9 0583006   205830065   第三借阅区/ [索取号:O6-43/387:1] 在馆    
10 0583007   205830074   第三借阅区/ [索取号:O6-43/387:1] 在馆    
唐山师范学院图书馆 欢迎您!
大连网信软件有限公司© 版权所有